000 00551cam a22001577a 4500
008 180718b1998 xxu||||| |||| 00| 0 eng d
020 _a8174461221
082 _aU6 T543p
100 _aTiwari, A.C.
245 _aPublic sector: accounting and auditing standards: financial statements and disclosure norms
_cby A.C. Tiwari
260 _aNew Delhi
_bInstitute of Management Technology
_c1998
300 _a175p.
440 _aIMT research series 01
650 _aPublic sector enterprises - auditing
650 _aPublic sector enterprises - Accounting
999 _c388147
_d388147